Câu hỏi và bài tập trắc nghiệm Hóa học 12
v.v...
Đã lưu trong:
| Tác giả chính: | |
|---|---|
| Định dạng: | Sách |
| Năm xuất bản: |
H.
Giáo dục
2008
|
| Chủ đề: | |
| Tags: |
Thêm thẻ
Không có thẻ, Hãy là người đầu tiên gắn thẻ bản ghi này!
|
| LEADER | 01419nam a2200229 4500 | ||
|---|---|---|---|
| 082 | |a 540.76 |b C124h | ||
| 100 | |a Nhiều tác giả | ||
| 245 | |a Câu hỏi và bài tập trắc nghiệm Hóa học 12 |c Lê Trọng Tín, Chu Thị Minh Thư,.... | ||
| 260 | |a H. |b Giáo dục |c 2008 | ||
| 300 | |a 223 tr |c 24 cm | ||
| 520 | |a v.v... | ||
| 653 | |a Hóa học | ||
| 653 | |a Lớp 12 | ||
| 653 | |a Trắc nghiệm | ||
| 653 | |a Giải bài tập | ||
| 942 | |2 ddc |c STK0 | ||
| 999 | |c 7194 |d 7194 | ||
| 952 | |0 0 |1 0 |2 ddc |4 0 |6 540_760000000000000_C124H |7 0 |8 500 |9 66667 |a qbu |b qbu |c D3 |d 2015-01-30 |g 27800 |o 540.76 C124h |p 7076.c1 |r 0000-00-00 |w 2015-01-30 |y STK0 |0 0 |6 540_760000000000000_C124H | ||
| 952 | |0 0 |1 0 |2 ddc |4 0 |6 540_760000000000000_C124H |7 0 |8 500 |9 66668 |a qbu |b qbu |c D3 |d 2015-01-30 |g 27800 |o 540.76 C124h |p 7076.c2 |r 0000-00-00 |w 2015-01-30 |y STK0 |0 0 |6 540_760000000000000_C124H | ||
| 952 | |0 0 |1 0 |2 ddc |4 0 |6 540_760000000000000_C124H |7 0 |8 500 |9 66669 |a qbu |b qbu |c D3 |d 2015-01-30 |g 27800 |o 540.76 C124h |p 7076.c3 |r 0000-00-00 |w 2015-01-30 |y STK0 |0 0 |6 540_760000000000000_C124H | ||
| 952 | |0 0 |1 0 |2 ddc |4 0 |6 540_760000000000000_C124H |7 0 |8 500 |9 66670 |a qbu |b qbu |c D3 |d 2015-01-30 |g 27800 |l 1 |o 540.76 C124h |p 7076.c4 |r 2018-05-31 |s 2018-05-31 |w 2015-01-30 |y STK0 |0 0 |6 540_760000000000000_C124H | ||
| 952 | |0 0 |1 0 |2 ddc |4 0 |6 540_760000000000000_C124H |7 0 |8 500 |9 91898 |a qbu |b qbu |c D3 |d 2015-08-21 |g 27800 |o 540.76 C124h |p 7076.c5 |r 0000-00-00 |w 2015-08-21 |y STK0 |0 0 |6 540_760000000000000_C124H | ||